000 01053nam a2200265 a 4500
999 _c206540
_d206540
003 BLK
005 20240604005407.0
008 180411b bul|||||r ||||||| ||bul||
010 _aKNG00216289000
040 _aBLK
041 _aBUL
_cBUL
080 _aБългарска литература
_b821.163.2
_x-32
_z821.163.2-32
100 _aЕлин Пелин
_qСтоянов, Димитър Иванов
_9363511
139 _aЕлин Пелин
_bЕ 53
245 1 0 _aПод манастирската лоза
_b[Разкази]
_cЕлин Пелин; худож. Стоимен Иванов Стоилов.
257 _aBGR
260 _bБълг. писател
_c1978
_aСофия
300 _a88 с.
_bс ил.
_c25 см
380 _aX
700 _aСтоилов, Стоимен Иванов
_d1944-
_gБългарски график и живописец
_9374518
852 _aЦб 95967
_bЦб
942 _cKNG
_n0
_01
_s1
944 _aCR
_c23.02.2018
_k
_lCRON CRON
944 _aED
_c2022-11-22
_kРенета Константинова